Stadtteile von Düsseldorf - Statistiken

Allgemein
  • Dieses Quiz wurde 277 mal gespielt
  • Das Durchschnittsergebnis liegt bei 24 aus 50
Antwortstatistiken
Stadtbezirk Stadtteil % Korrekt
3 Oberbilk
91%
3 Unterbilk
91%
3 Bilk
89%
9 Benrath
73%
2 Flingern-Nord
73%
2 Flingern-Süd
73%
1 Altstadt
70%
8 Eller
70%
4 Oberkassel
69%
6 Rath
67%
7 Gerresheim
63%
10 Garath
61%
6 Unterrath
61%
1 Derendorf
58%
3 Friedrichstadt
52%
1 Pempelfort
50%
3 Hamm
49%
4 Niederkassel
49%
9 Wersten
49%
5 Kaiserswerth
47%
5 Angermund
45%
9 Reisholz
45%
8 Unterbach
45%
1 Stadtmitte
43%
1 Carlstadt
42%
3 Hafen
42%
4 Lörick
41%
9 Urdenbach
41%
7 Grafenberg
40%
4 Heerdt
40%
5 Lohausen
40%
5 Stockum
40%
8 Vennhausen
40%
9 Holthausen
39%
8 Lierenfeld
39%
1 Golzheim
38%
9 Hassels
37%
2 Düsseltal
36%
10 Hellerhof
36%
9 Itter
36%
6 Mörsenbroich
36%
5 Wittlaer
36%
5 Kalkum
35%
7 Hubbelrath
33%
6 Lichtenbroich
31%
9 Himmelgeist
30%
3 Flehe
29%
7 Ludenberg
28%
3 Volmerswerth
28%
7 Knittkuhl
27%
Keine übereinstimmenden Quizze gefunden
Verteilung der Resultate
Anzahl Personen mit jedem Resultat
Perzentil nach korrekt beantworteten Fragen
Ihre Resultats-Entwicklung
Sie haben dieses Quiz noch nicht gespielt